Billie Eilish Music Video Match - Statistics

General Stats
  • This quiz has been taken 57 times
  • The average score is 17 of 20
Answer Stats
Picture Answer % Correct
birds of a feather
100%
what was i made for
100%
lunch
96%
guess
94%
ocean eyes
94%
bad guy
91%
all the good girls go to hell
89%
chihiro
89%
you should see me in a crown
89%
therefore i am
87%
when the party's over
87%
my future
83%
no time to die
83%
xanny
83%
lost cause
81%
everything i wanted
79%
happier than ever
79%
lovely
79%
your power
79%
nda
70%
No matching quizzes found
Score Distribution
Percent of People with Each Score
Percentile by Number Answered
Your Score History
You have not taken this quiz